Statystyki dla Quiz o województwie podkarpackim

Kliknij tutaj aby rozwiązać quiz!

Ogólne statystyki

  • Ten quiz został rozwiązany 218 razy
    (187 od ostatniego zresetowania)
  • Średni wynik to 11 z 16

Statystyki odpowiedzi

WskazówkaOdpowiedź% Poprawnych
Siedziba rządówRzeszów
99%
Państwa granicząceUkraina
97%
Województwa graniczącemałopolskie
95%
Województwa graniczącelubelskie
93%
Województwa granicząceświętokrzyskie
91%
Państwa granicząceSłowacja
90%
Najdłuższa rzekaSan
89%
Powyższe jest dopływem
do rzeki _____
Wisły
85%
Drugie najludniejsze miastoPrzemyśl
73%
Najbardziej ruchliwa droga
przebiegająca tylko przez Polskę
A4
72%
Najbardziej na południe
wysunięty powiat
Powiat
{bieszczadzki}
61%
Liczba powiatów21
59%
Najwyższe wzniesienieTarnica
45%
WojewodaEwa Leniart
29%
Najmniej zaludnione miastoDubiecko
22%
Najgęściej zaludniony powiat
(nie uwzględniając miast na prawach
powiatu)
Powiat
{łańcucki}
16%

Rozkład punktacji

Percentyl według liczby udzielonych odpowiedzi

Procent ludzi z każdym wynikiem

Twoja historia wyników

Nie rozwiązałeś tego quizu od ostatniego zresetowania